[Event "Elit(Manhem-Rockaden)"]
[Site "?"]
[Date "2010.10.08"]
[Round "1"]
[White "Hermansson, Emil"]
[Black "Akesson, Joel"]
[Result "1-0"]
[WhiteElo "2458"]
[BlackElo "2367"]
[PlyCount "123"]

1. e4 e6 2. d4 d5 3. Nc3 Bb4 4. e5 c5 5. a3 Bxc3+ 6. bxc3 Ne7 7. Qg4 O-O 8. Bd3
f5 9. exf6 Rxf6 10. Bg5 Rf7 11. Qh5 g6 12. Qd1 Nbc6 13. Nf3 Qf8 14. O-O c4 15.
Be2 h6 16. Bc1 Bd7 17. a4 Kh7 18. Ba3 Qb8 19. h3 Qc7 20. Nh2 e5 21. Qd2 exd4
22. cxd4 Nf5 23. c3 Na5 24. Qa2 Nb3 25. Rae1 Qa5 26. Qb2 Bxa4 27. Bd1 Qb6 28.
Ng4 Re8 29. Rxe8 Bxe8 30. Re1 Bd7 31. Ne5 Rg7 32. Bf8 Rg8 33. g4 Be8 34. Qa3
Qf6 35. Bb4 a5 36. Bxa5 Nd6 37. Bxb3 cxb3 38. Qxb3 Ne4 39. Rxe4 dxe4 40. Qxb7+
Rg7 41. Qxe4 Ra7 42. Bb4 Ra2 43. Qf3 Qxf3 44. Nxf3 Bc6 45. Ne5 Bd5 46. h4 Ra1+
47. Kh2 g5 48. hxg5 hxg5 49. f3 Rc1 50. Kg3 Rc2 51. Be7 Kh6 52. Bf8+ Kh7 53.
Bb4 Kg7 54. Ba5 Kh7 55. Nd7 Bc4 56. f4 Ra2 57. Bb4 gxf4+ 58. Kxf4 Rf2+ 59. Ke5
Kg6 60. Kd6 Be2 61. Ne5+ Kg5 62. c4 1-0

[Event "Elit(Manhem-Rockaden)"]
[Site "?"]
[Date "2010.10.08"]
[Round "1"]
[White "Fendrich, David"]
[Black "Hedman, Erik"]
[Result "0-1"]
[WhiteElo "2281"]
[BlackElo "2452"]
[PlyCount "116"]

1. c4 c5 2. g3 Nc6 3. Bg2 g6 4. Nc3 Bg7 5. a3 d6 6. Rb1 a5 7. Nf3 e5 8. O-O
Nge7 9. Ne1 Be6 10. d3 O-O 11. Nc2 d5 12. cxd5 Nxd5 13. Bd2 Nde7 14. b4 axb4
15. axb4 c4 16. dxc4 Bxc4 17. Ne3 Be6 18. Ne4 Ra2 19. b5 Nd4 20. Nc5 Rxd2 21.
Qxd2 Nf3+ 22. Bxf3 Qxd2 23. Rfd1 Qa2 24. Nxb7 f5 25. Ra1 Qxa1 26. Rxa1 e4 27.
Ra6 Bc8 28. Bxe4 fxe4 29. Rd6 Bh6 30. Nc5 Bxe3 31. fxe3 Nf5 32. Rd1 Nxe3 33.
Rb1 Rf7 34. Nxe4 Bf5 35. Rb3 Bxe4 36. Rxe3 Re7 37. b6 Kf8 38. Kf2 Kf7 39. Rc3
Ke6 40. Ke3 Ke5 41. Rc5+ Bd5 42. Rc2 Kd6+ 43. Kf2 Rb7 44. Rb2 Kc5 45. Ke3 Re7+
46. Kf2 Bb7 47. h4 Re6 48. g4 h6 49. Kg3 Re3+ 50. Kh2 g5 51. hxg5 hxg5 52. Rb1
Rxe2+ 53. Kg3 Re3+ 54. Kh2 Re4 55. Kg3 Rb4 56. Rxb4 Kxb4 57. Kf2 Kc4 58. Ke3
Kc3 0-1

[Event "Elit(Manhem-Rockaden)"]
[Site "?"]
[Date "2010.10.08"]
[Round "1"]
[White "Henriksson, Jakob"]
[Black "Liljedahl, Lennart"]
[Result "1-0"]
[WhiteElo "2315"]
[BlackElo "2229"]
[PlyCount "79"]

1. d4 Nf6 2. c4 e6 3. Nc3 Bb4 4. Qc2 b6 5. a3 Bxc3+ 6. Qxc3 Bb7 7. Bg5 d6 8.
Nf3 Nbd7 9. e3 Qe7 10. Bd3 h6 11. Bh4 g5 12. Bg3 Ne4 13. Qc2 Ndf6 14. O-O-O
O-O-O 15. Rhf1 Kb8 16. Ne1 Nxg3 17. fxg3 Nd7 18. Be4 d5 19. Bd3 c5 20. cxd5
cxd4 21. Kb1 dxe3 22. dxe6 fxe6 23. Qe2 Nc5 24. Qxe3 Rd6 25. Bc2 Rhd8 26. Nf3
Qc7 27. Rxd6 Rxd6 28. h4 gxh4 29. gxh4 Qg7 30. Ne5 Be4 31. Qf4 Bxc2+ 32. Kxc2
Qh7+ 33. Kc3 Qc7 34. Nc4 e5 35. Qxe5 b5 36. Rf8+ Kb7 37. Nxd6+ Ka6 38. Rc8 Na4+
39. Kb3 Qd7 40. Qxb5+ 1-0

[Event "Elit(Manhem-Rockaden)"]
[Site "?"]
[Date "2010.10.08"]
[Round "1"]
[White "Kinnmark, Ove"]
[Black "Lejlic, Samir"]
[Result "1/2-1/2"]
[WhiteElo "2239"]
[BlackElo "2346"]
[PlyCount "128"]

1. e4 e5 2. Nf3 Nc6 3. Bb5 a6 4. Ba4 d6 5. Bxc6+ bxc6 6. d4 f6 7. Be3 Ne7 8.
Nc3 a5 9. h4 Bg4 10. dxe5 fxe5 11. Qd3 Qb8 12. b3 Qb4 13. a3 Qb7 14. h5 Qa6 15.
Qxa6 Rxa6 16. Nd2 Ng8 17. f3 Be6 18. Na4 Nf6 19. g4 Be7 20. O-O O-O 21. c4 Raa8
22. Rfe1 Nd7 23. Nc3 Rf7 24. Kg2 Nf8 25. b4 g6 26. b5 cxb5 27. cxb5 gxh5 28.
gxh5 Nd7 29. h6 Kh8 30. Kh2 Nf8 31. Rg1 Ng6 32. Rab1 Raf8 33. b6 cxb6 34. Rxb6
Rc8 35. Nd5 Bxd5 36. exd5 Nf4 37. Rc6 Rb8 38. Bxf4 Rxf4 39. Rg4 Rf6 40. Kg3
Rxh6 41. Nc4 Rf6 42. Nxa5 h5 43. Rb4 Rg8+ 44. Kf2 Rfg6 45. Rb7 Rg2+ 46. Ke3
Bg5+ 47. Ke4 Rf8 48. Rxd6 Rf4+ 49. Kd3 Rd4+ 50. Kc3 Bd2+ 51. Kb3 Bxa5 52. Rh6+
Kg8 53. Re6 Rg7 54. Rb8+ Kh7 55. Rxe5 h4 56. Rb5 Bd2 57. Rb6 Rf7 58. Kc2 Bf4
59. Rh5+ Kg7 60. Rxh4 Rxd5 61. Rg4+ Kf8 62. Rc6 Bd6 63. Rc3 Be5 64. Rc8+ Ke7
1/2-1/2

[Event "Elit(Kamraterna-Upsala)"]
[Site "?"]
[Date "2010.10.08"]
[Round "1"]
[White "Andersson, Fredrik"]
[Black "Hamark, Jesper"]
[Result "1/2-1/2"]
[WhiteElo "2364"]
[BlackElo "2404"]
[PlyCount "88"]

1. e4 Nc6 2. Nf3 Nf6 3. e5 Ng4 4. d4 d6 5. h3 Nh6 6. Bb5 a6 7. Bxc6+ bxc6 8.
O-O e6 9. Bxh6 gxh6 10. Nc3 Bg7 11. Ne4 O-O 12. Ng3 f6 13. Re1 Qe8 14. Nf5 Qd7
15. Nxg7 Qxg7 16. Re4 f5 17. Rh4 Bb7 18. Qd2 c5 19. Qxh6 Bxf3 20. Qxg7+ Kxg7
21. gxf3 cxd4 22. exd6 cxd6 23. Rxd4 Rfb8 24. b3 d5 25. c4 Rb4 26. Rad1 dxc4
27. Rxc4 Rxc4 28. bxc4 Rc8 29. Rd6 a5 30. Ra6 Rc5 31. Kg2 Kf6 32. f4 Rxc4 33.
Rxa5 Rxf4 34. a4 h5 35. Ra8 h4 36. a5 Ra4 37. a6 Ke5 38. a7 Kf4 39. Rh8 Rxa7
40. Rxh4+ Kg5 41. Rb4 e5 42. h4+ Kh5 43. Rb5 Re7 44. Kh3 Re6 1/2-1/2

[Event "Elit(Kamraterna-Upsala)"]
[Site "?"]
[Date "2010.10.08"]
[Round "1"]
[White "Svenn, Gosta"]
[Black "Burwick, Malte"]
[Result "1/2-1/2"]
[WhiteElo "2351"]
[BlackElo "2264"]
[PlyCount "66"]

1. Nf3 g6 2. e4 Bg7 3. d3 d6 4. g3 Bg4 5. Nbd2 c5 6. Bg2 Nc6 7. h3 Bd7 8. O-O
b5 9. Nh4 Qc8 10. Kh2 Rb8 11. f4 Nf6 12. Ndf3 O-O 13. f5 a5 14. g4 a4 15. Bf4
Qa6 16. Qc1 a3 17. bxa3 c4 18. Bh6 cxd3 19. cxd3 b4 20. Qg5 Qxd3 21. fxg6 hxg6
22. Nxg6 fxg6 23. Qxg6 Rf7 24. Rad1 Qc3 25. axb4 Ne5 26. Nxe5 Qxe5+ 27. Kh1 Qe6
28. a3 Nh7 29. Qxf7+ Qxf7 30. Rxf7 Kxf7 31. Bxg7 Kxg7 32. e5 Rb6 33. exd6 exd6
1/2-1/2

[Event "Elit(Kamraterna-Upsala)"]
[Site "?"]
[Date "2010.10.08"]
[Round "1"]
[White "Madebrink, Lars"]
[Black "Marttala, Thomas"]
[Result "1/2-1/2"]
[WhiteElo "2274"]
[BlackElo "2300"]
[PlyCount "46"]

1. d4 d5 2. Nf3 e6 3. c4 c5 4. cxd5 exd5 5. Nc3 Nc6 6. g3 c4 7. Bg2 Bb4 8. O-O
Nge7 9. Ne5 O-O 10. Nxc6 bxc6 11. e4 dxe4 12. Nxe4 Bf5 13. a3 Ba5 14. Qc2 Qxd4
15. Rd1 Bxe4 16. Bxe4 Qf6 17. Qxc4 Bb6 18. Qc2 h6 19. Bf4 Rad8 20. Re1 Bd4 21.
Rab1 Nd5 22. Bxd5 Rxd5 23. Be3 Rfd8 1/2-1/2

[Event "Elit(Kamraterna-Upsala)"]
[Site "?"]
[Date "2010.10.08"]
[Round "1"]
[White "Svensson, Mans"]
[Black "Svenn, Matti"]
[Result "0-1"]
[WhiteElo "2250"]
[BlackElo "2253"]
[PlyCount "122"]

1. d4 d5 2. c4 e6 3. Nc3 Be7 4. Nf3 Nf6 5. Qc2 O-O 6. Bg5 b6 7. Rd1 h6 8. Bxf6
Bxf6 9. e4 dxe4 10. Qxe4 c6 11. Bd3 g6 12. h4 Bg7 13. Ne5 Qc7 14. O-O Nd7 15.
Rfe1 f5 16. Qe3 Nxe5 17. dxe5 Bb7 18. c5 Qe7 19. Bc4 Rae8 20. cxb6 Qxh4 21. Rd4
f4 22. Qh3 Qxh3 23. gxh3 axb6 24. Rd6 Kf7 25. Na4 b5 26. Nc5 bxc4 27. Nxb7 Rb8
28. Rd7+ Kg8 29. Re4 f3 30. Rxc4 Bxe5 31. b4 Rf7 32. Nc5 Ra8 33. a4 Rxd7 34.
Nxd7 Bd6 35. a5 Rd8 36. Nf6+ Kf7 37. Ne4 Bb8 38. Ng3 Rd1+ 39. Kh2 Rd2 40. Kg1
Ba7 41. Rf4+ Ke7 42. Rxf3 Rb2 43. Kg2 Rxb4 44. Rc3 Kd6 45. Kf3 Kd5 46. Rd3+ Rd4
47. Rb3 Ra4 48. Ne2 Rxa5 49. Nf4+ Kc4 50. Rb7 Ra3+ 51. Kg2 Ra2 52. Nxe6 Bxf2
53. Kf3 Bd4 54. h4 Rf2+ 55. Kg4 Rf6 56. Nd8 c5 57. Nf7 Kd3 58. Nxh6 c4 59. Rc7
c3 60. Kg5 c2 61. Ng4 Rd6 0-1

[Event "Elit(Kamraterna-Upsala)"]
[Site "?"]
[Date "2010.10.08"]
[Round "1"]
[White "Andersson, Michael"]
[Black "Lindberg, Henrik"]
[Result "1/2-1/2"]
[WhiteElo "2222"]
[BlackElo "2240"]
[PlyCount "68"]

1. Nf3 c5 2. c3 Nf6 3. d4 cxd4 4. cxd4 d5 5. g3 Nc6 6. Bg2 e6 7. O-O Be7 8. Nc3
O-O 9. Bf4 b6 10. Rc1 Bb7 11. Ne5 Rc8 12. Qa4 Nxe5 13. Bxe5 a5 14. Qb5 Bc6 15.
Qb3 Ne8 16. h4 Nd6 17. Bxd6 Bxd6 18. e3 Qd7 19. e4 dxe4 20. Nxe4 Bb4 21. a3 Bd5
22. Qe3 Be7 23. Nc3 Bxg2 24. Kxg2 Rfd8 25. Ne2 Bf6 26. Rxc8 Rxc8 27. Qe4 g6 28.
Rd1 Rd8 29. b3 Qb5 30. Qf3 Bg7 31. a4 Qd7 32. Qe4 Qd5 33. Qxd5 Rxd5 34. f4 Kf8
1/2-1/2

[Event "Elit(Orgryte-Team Viking)"]
[Site "?"]
[Date "2010.10.08"]
[Round "1"]
[White "Arnelind, Mikael"]
[Black "Volodin, Aleksandr"]
[Result "0-1"]
[WhiteElo "2235"]
[BlackElo "2440"]
[PlyCount "88"]

1. d4 Nf6 2. c4 c5 3. d5 b5 4. cxb5 a6 5. b6 e6 6. Nc3 exd5 7. Nxd5 Nxd5 8.
Qxd5 Nc6 9. Nf3 Rb8 10. e4 Be7 11. Bc4 O-O 12. O-O Rxb6 13. Qh5 d6 14. b3 Be6
15. Ng5 Bxg5 16. Bxg5 Qd7 17. Rac1 Rb4 18. Bd2 Bxc4 19. bxc4 Ra4 20. Bc3 Qe6
21. Qg5 f6 22. Qd5 Qxd5 23. exd5 Ne7 24. Rfe1 Ng6 25. Re6 Rd8 26. Ba1 Rxa2 27.
g3 Kf7 28. Rb1 Rd7 29. Kg2 Ra4 30. Rc1 Ne7 31. h4 h5 32. Kh2 Nc8 33. Re2 Re7
34. Rb2 Re4 35. Rb8 Ne7 36. Rb6 Nf5 37. Kg2 a5 38. Ra6 Ra2 39. Kf3 Ree2 40. Rf1
Rec2 41. Ke4 Rxc4+ 42. Kd3 Rca4 43. Bc3 R2a3 44. Rc1 Rd4+ 0-1

[Event "Elit(Orgryte-Team Viking)"]
[Site "?"]
[Date "2010.10.08"]
[Round "1"]
[White "Zackrisson, Mattias"]
[Black "Cramling, Dan"]
[Result "1/2-1/2"]
[WhiteElo "2205"]
[BlackElo "2419"]
[PlyCount "52"]

1. e4 d6 2. Nf3 Nf6 3. d3 g6 4. g3 Bg7 5. Bg2 c5 6. O-O Nc6 7. Nbd2 O-O 8. a4
Qc7 9. Nc4 Rb8 10. c3 b6 11. Qe2 Bb7 12. Rd1 e5 13. Nh4 Rfe8 14. Ne3 Ne7 15. f4
exf4 16. gxf4 Bc6 17. b3 b5 18. axb5 Rxb5 19. c4 Rb6 20. f5 g5 21. Nf3 h6 22.
Nd2 Kh7 23. Bb2 Bd7 24. Qf3 Qd8 25. h4 gxh4 26. Qh3 Nc6 1/2-1/2

[Event "Elit(Orgryte-Team Viking)"]
[Site "?"]
[Date "2010.10.08"]
[Round "1"]
[White "Bergstrom, Peter"]
[Black "Eksmyr, Johan"]
[Result "1-0"]
[WhiteElo "2339"]
[BlackElo "2165"]
[PlyCount "111"]

1. e4 c6 2. d4 d5 3. Nc3 dxe4 4. Nxe4 Nf6 5. Nxf6+ gxf6 6. c3 Bf5 7. Nf3 Qc7 8.
g3 Nd7 9. Bg2 O-O-O 10. O-O h5 11. Re1 Bg4 12. Qb3 Bxf3 13. Bxf3 e6 14. c4 h4
15. Bf4 e5 16. dxe5 hxg3 17. Bxg3 fxe5 18. Qc2 Bd6 19. Qf5 Kb8 20. Rad1 Rh6 21.
Re3 Rg8 22. Qxf7 Rf8 23. Qg7 Rhf6 24. Be4 Nc5 25. Qxc7+ Bxc7 26. b4 Ne6 27. Bg2
Nf4 28. Re4 Kc8 29. Rd2 R6f7 30. Re1 Rf6 31. Be4 Nh3+ 32. Kg2 Nf4+ 33. Kf1 Nh3
34. Re3 Nf4 35. Ra3 Kb8 36. Ke1 Bb6 37. c5 Bc7 38. Rb3 a5 39. a3 axb4 40. axb4
Ne6 41. Ra3 Nd4 42. Rda2 Kc8 43. Bg2 Kd7 44. Bh3+ Nf5 45. Rf3 Ke6 46. Ra7 Rb8
47. Ke2 Rf7 48. Raa3 Rbf8 49. Rxf5 Rxf5 50. Rf3 b6 51. Ke3 bxc5 52. bxc5 Rh8
53. Bxf5+ Kd5 54. Be4+ Kxc5 55. Rf6 Bd6 56. Bxc6 1-0

[Event "Elit(Orgryte-Team Viking)"]
[Site "?"]
[Date "2010.10.08"]
[Round "1"]
[White "Lauritzson, Peter"]
[Black "Agrest, Inna"]
[Result "0-1"]
[WhiteElo "2170"]
[BlackElo "2372"]
[PlyCount "80"]

1. Nf3 Nf6 2. g3 g6 3. Bg2 Bg7 4. O-O O-O 5. d4 d6 6. c4 Nbd7 7. Nc3 a6 8. e4
c5 9. h3 Rb8 10. Qe2 Ne8 11. Be3 Nc7 12. Rad1 Ne6 13. dxc5 dxc5 14. Rd2 Qe8 15.
Rfd1 b5 16. Bf4 Nxf4 17. gxf4 Nb6 18. Rd8 Qc6 19. cxb5 axb5 20. e5 Bd7 21. Ng5
Qc7 22. Rxf8+ Rxf8 23. Nxb5 Qc8 24. Kh2 Bxb5 25. Qxb5 Qf5 26. Qxb6 Qxf4+ 27.
Kg1 Qxg5 28. Qxc5 e6 29. a4 Bxe5 30. b4 Qh5 31. Re1 f6 32. a5 Rd8 33. a6 Qh4
34. Rxe5 fxe5 35. Qxe5 Rd1+ 36. Kh2 Qxf2 37. Qxe6+ Kg7 38. Qe5+ Kh6 39. Qe4 Re1
40. Qd5 Qf4# 0-1

[Event "Elit(LASK-Solna)"]
[Site "?"]
[Date "2010.10.08"]
[Round "1"]
[White "Smith, Axel"]
[Black "Jonsson, Mikael"]
[Result "1-0"]
[WhiteElo "2521"]
[BlackElo "2344"]
[PlyCount "74"]

1. d4 d5 2. c4 c6 3. e3 e6 4. Nc3 f5 5. Bd3 Nf6 6. Nge2 Bd6 7. f3 O-O 8. Qc2
Qe7 9. Bd2 dxc4 10. Bxc4 b5 11. Bd3 a6 12. e4 b4 13. Na4 fxe4 14. fxe4 e5 15.
dxe5 Bxe5 16. Nb6 Ra7 17. Nxc8 Rxc8 18. Qc4+ Kh8 19. Bxb4 c5 20. Bc3 Nbd7 21.
Bc2 Bxc3+ 22. Nxc3 Ne5 23. Qe2 Nfg4 24. Nd5 Qg5 25. O-O Rb7 26. h3 Nf6 27. Rf5
Qg3 28. b3 Nfg4 29. hxg4 Nxg4 30. Rh5 Rf8 31. Rh3 Qe5 32. Rf1 Qd4+ 33. Ne3
Rxf1+ 34. Kxf1 Rf7+ 35. Kg1 Qa1+ 36. Qd1 Qxd1+ 37. Bxd1 Nf2 1-0

[Event "Elit(LASK-Solna)"]
[Site "?"]
[Date "2010.10.08"]
[Round "1"]
[White "Johansson, Gunnar"]
[Black "Grandelius, Nils"]
[Result "0-1"]
[WhiteElo "2272"]
[BlackElo "2589"]
[PlyCount "70"]

1. d4 Nf6 2. Nf3 d5 3. c4 e6 4. Nc3 Bb4 5. Qb3 c5 6. e3 Nc6 7. a3 Bxc3+ 8. bxc3
O-O 9. Be2 Na5 10. Qa2 Ne4 11. Bd2 dxc4 12. Bxc4 Nxc4 13. Qxc4 b6 14. O-O Bb7
15. Qe2 Rc8 16. Rfc1 Qd5 17. Qf1 h6 18. Be1 cxd4 19. cxd4 Rfd8 20. Ne5 Nd6 21.
Bb4 Nf5 22. Bd2 Qb3 23. Qd3 Qxd3 24. Nxd3 Nh4 25. Bb4 Nxg2 26. Kf1 f6 27. a4
Nh4 28. a5 Nf3 29. h3 Rxc1+ 30. Rxc1 Ba6 31. Ke2 Nxd4+ 32. exd4 Rxd4 33. axb6
axb6 34. Ra1 Bxd3+ 35. Ke3 Rxb4 0-1

[Event "Elit(LASK-Solna)"]
[Site "?"]
[Date "2010.10.08"]
[Round "1"]
[White "Bejtovic, Jasmin"]
[Black "Karlsson, Tomas"]
[Result "1/2-1/2"]
[WhiteElo "2459"]
[BlackElo "2250"]
[PlyCount "82"]

1. e4 e6 2. d4 d5 3. Nc3 Bb4 4. e5 c5 5. a3 Bxc3+ 6. bxc3 Ne7 7. Nf3 Nbc6 8. a4
Qa5 9. Qd2 Bd7 10. Bd3 f6 11. O-O cxd4 12. cxd4 Qxd2 13. Bxd2 O-O 14. Rfb1 b6
15. a5 bxa5 16. Rb7 Rfd8 17. Bxa5 Nxa5 18. Rxa5 Nc6 19. Ra1 Rab8 20. Rc7 Rbc8
21. Rxc8 Rxc8 22. h4 Rc7 23. c3 h6 24. Ba6 Kf7 25. Kf1 Nb8 26. Be2 Rxc3 27.
Rxa7 Rc1+ 28. Ne1 Ke7 29. Bb5 Kd8 30. Bxd7 Nxd7 31. Ke2 fxe5 32. dxe5 Rc4 33.
Nf3 g6 34. Ra8+ Ke7 35. h5 Re4+ 36. Kd2 Nxe5 37. Rh8 gxh5 38. Nxe5 Rxe5 39.
Rxh6 Kd6 40. f4 Rf5 41. g3 Ke7 1/2-1/2

[Event "Elit(LASK-Solna)"]
[Site "?"]
[Date "2010.10.08"]
[Round "1"]
[White "Bjarnehag, Peter"]
[Black "Hall, Jesper"]
[Result "0-1"]
[WhiteElo "2216"]
[BlackElo "2541"]
[PlyCount "75"]

1. c4 c5 2. g3 Nc6 3. Bg2 g6 4. Nc3 e5 5. a3 a5 6. Nf3 d6 7. d3 Bg7 8. Nd2 Nge7
9. Nf1 O-O 10. Ne3 Rb8 11. Rb1 Bd7 12. O-O Nd4 13. b4 b6 14. Ned5 Nxd5 15. Nxd5
h5 16. e3 Nc6 17. Bd2 axb4 18. axb4 h4 19. Qc2 h3 20. Bh1 Ne7 21. Nxe7+ Qxe7
22. Qa2 Bf5 23. Qc2 Rfc8 24. bxc5 bxc5 25. Rxb8 Rxb8 26. Rb1 Rxb1+ 27. Qxb1 Qa7
28. Bf3 Bh6 29. g4 Be6 30. Qf1 e4 31. Bxe4 Bxg4 32. f3 Be6 33. Qb1 Qe7 34. f4
Qh4 35. Qb8+ Kh7 36. Qxd6 Qg4+ 37. Kf2 Qd1 38. Be1 0-1

[Event "Elit(LASK-Solna)"]
[Site "?"]
[Date "2010.10.08"]
[Round "1"]
[White "Steneskog, Per"]
[Black "Olsson, Linus"]
[Result "0-1"]
[WhiteElo "2211"]
[BlackElo "2317"]
[PlyCount "74"]

1. d4 Nf6 2. c4 e6 3. Nc3 c5 4. d5 exd5 5. cxd5 d6 6. e4 g6 7. f4 Bg7 8. Nf3
O-O 9. Be2 Bg4 10. O-O Bxf3 11. Bxf3 Nbd7 12. Re1 Ne8 13. Be3 a6 14. a4 Rb8 15.
a5 Nc7 16. Qc2 b5 17. axb6 Rxb6 18. e5 dxe5 19. Na4 Rb5 20. d6 Ne6 21. Bc6 exf4
22. Bxb5 axb5 23. Nxc5 fxe3 24. Nxe6 fxe6 25. Qe4 Ne5 26. Rad1 h5 27. Qxe3 Kh7
28. b3 Ng4 29. Qa7 Qh4 30. h3 Nf2 31. Rf1 Nxh3+ 32. gxh3 Qg3+ 33. Kh1 Qxh3+ 34.
Kg1 Qg3+ 35. Kh1 Rf3 36. Rc1 Qh3+ 37. Kg1 Qg4+ 0-1

[Event "Elit(LASK-Solna)"]
[Site "?"]
[Date "2010.10.08"]
[Round "1"]
[White "Dragicevic, Drazen"]
[Black "Dalmau, Jorgen"]
[Result "1-0"]
[WhiteElo "2349"]
[BlackElo "2156"]
[PlyCount "57"]

1. c4 e5 2. Nc3 Nc6 3. g3 g6 4. Bg2 Bg7 5. e3 d6 6. Nge2 f5 7. d4 e4 8. b4 Nf6
9. O-O O-O 10. Qb3 Ne7 11. f3 exf3 12. Bxf3 c6 13. d5 Ne4 14. Rb1 Nxc3 15. Nxc3
Kh8 16. Bb2 Bd7 17. Rbd1 f4 18. exf4 Nf5 19. Ne4 cxd5 20. Bxg7+ Kxg7 21. Rxd5
Be6 22. Qc3+ Kg8 23. Ng5 Qf6 24. Qxf6 Rxf6 25. Nxe6 Ne3 26. Ng5 Nxf1 27. Kxf1
Rc8 28. Ne4 Re6 29. Bg4 1-0

[Event "Elit(Limhamn-Vasteras)"]
[Site "?"]
[Date "2010.10.08"]
[Round "1"]
[White "Jepson, Christian"]
[Black "Akesson, Ralf"]
[Result "1/2-1/2"]
[WhiteElo "2478"]
[BlackElo "2461"]
[PlyCount "49"]

1. d4 Nf6 2. c4 g6 3. Nc3 d5 4. cxd5 Nxd5 5. Bd2 Bg7 6. e4 Nb6 7. Be3 O-O 8. f4
Nc6 9. d5 Na5 10. Bd4 e5 11. Bxe5 Bxe5 12. fxe5 Qh4+ 13. g3 Qe7 14. Qd4 Rd8 15.
b4 Nac4 16. Nf3 Bg4 17. Bxc4 Bxf3 18. O-O Qxb4 19. e6 fxe6 20. Rxf3 Qxc4 21.
Qf6 exd5 22. Qe6+ Kh8 23. Qe5+ Kg8 24. Qe6+ Kh8 25. Qe5+ 1/2-1/2

[Event "Elit(Limhamn-Vasteras)"]
[Site "?"]
[Date "2010.10.08"]
[Round "1"]
[White "Nilsson, Andre"]
[Black "Helgason, Reynir"]
[Result "0-1"]
[WhiteElo "2307"]
[BlackElo "2398"]
[PlyCount "72"]

1. d4 d5 2. c4 e6 3. Nc3 Be7 4. cxd5 exd5 5. Bf4 Nf6 6. e3 Bf5 7. Bd3 Bxd3 8.
Qxd3 O-O 9. Nf3 c6 10. O-O Nh5 11. Bg3 Nd7 12. Ne5 Nxg3 13. Nxd7 Qxd7 14. hxg3
g6 15. Rfc1 h5 16. Rab1 Kg7 17. Kf1 Rh8 18. Ke1 h4 19. gxh4 Rxh4 20. Kd2 c5 21.
Rh1 cxd4 22. Rxh4 Bxh4 23. Qxd4+ Bf6 24. Qd3 Rd8 25. Ne2 Qg4 26. g3 Qf3 27. Rf1
Bxb2 28. Rb1 Bf6 29. Rxb7 d4 30. e4 Bg5+ 31. Nf4 Qxf2+ 32. Kd1 Bxf4 33. gxf4
Rh8 34. Rxf7+ Kg8 35. Rh7 Rxh7 36. Qc4+ Rf7 0-1

[Event "Elit(Limhamn-Vasteras)"]
[Site "?"]
[Date "2010.10.08"]
[Round "1"]
[White "Penalver, Osmani"]
[Black "Eriksson, Anders"]
[Result "1/2-1/2"]
[WhiteElo "2317"]
[BlackElo "2345"]
[PlyCount "85"]

1. d4 Nf6 2. c4 c5 3. d5 b5 4. cxb5 a6 5. bxa6 g6 6. Nc3 Bxa6 7. g3 d6 8. Bg2
Bg7 9. Nh3 O-O 10. O-O Nbd7 11. Re1 Ng4 12. f3 Nge5 13. Nf2 Qa5 14. Qa4 Qxa4
15. Nxa4 Rfb8 16. Rb1 Bc4 17. Nc3 Nxf3+ 18. exf3 Bxc3 19. Rxe7 Nf6 20. Ng4 Bd4+
21. Kh1 Nxg4 22. fxg4 Bxa2 23. Ra1 Bc4 24. Rxa8 Rxa8 25. h4 Ra1 26. Re8+ Kg7
27. Re1 Ra6 28. Kh2 Rb6 29. h5 h6 30. hxg6 Kxg6 31. Re8 Bxb2 32. Bf4 Bf6 33.
Rc8 Bg5 34. Rc6 Rxc6 35. dxc6 Bxf4 36. gxf4 Ba6 37. Be4+ Kf6 38. Bf5 c4 39. Kg3
c3 40. Kf3 Bc8 41. c7 c2 42. Bxc2 Ke7 43. g5 1/2-1/2

[Event "Elit(Limhamn-Vasteras)"]
[Site "?"]
[Date "2010.10.08"]
[Round "1"]
[White "Tadjerbashi, Amir"]
[Black "Janse, Rasmus"]
[Result "1/2-1/2"]
[WhiteElo "2228"]
[BlackElo "2269"]
[PlyCount "79"]

1. e4 e6 2. d4 d5 3. Nd2 c5 4. exd5 Qxd5 5. Ngf3 cxd4 6. Bc4 Qd6 7. O-O Nf6 8.
Nb3 Nc6 9. Nbxd4 Nxd4 10. Nxd4 a6 11. c3 Qc7 12. Bb3 Bd6 13. h3 O-O 14. Qf3 b5
15. a4 Bb7 16. Qe2 b4 17. cxb4 Qb6 18. Rd1 Qxb4 19. Bc2 Bc5 20. Nb3 Ba7 21. Bg5
Ne4 22. Be3 Bxe3 23. Qxe3 Rfd8 24. Bxe4 Bxe4 25. Nc5 Bd5 26. Nd3 Qb3 27. Rd2
Rac8 28. Ra3 Qb7 29. Nf4 Rc1+ 30. Kh2 Qc7 31. Qg3 Rc4 32. Nxd5 Qxg3+ 33. Kxg3
exd5 34. Rc3 Rxa4 35. Rxd5 Rb8 36. Rc7 Rab4 37. Rdd7 Rf8 38. Rb7 Rxb7 39. Rxb7
Ra8 40. b4 1/2-1/2

[Event "Elit(Limhamn-Vasteras)"]
[Site "?"]
[Date "2010.10.08"]
[Round "1"]
[White "Nylen, Anders"]
[Black "Janse, Love"]
[Result "0-1"]
[WhiteElo "2210"]
[BlackElo "2219"]
[PlyCount "66"]

1. d4 f5 2. e4 fxe4 3. Nc3 Nf6 4. f3 d5 5. fxe4 dxe4 6. Bc4 Nc6 7. Nge2 Bg4 8.
Bg5 e5 9. d5 Nd4 10. Nxe4 Be7 11. N4c3 Nxd5 12. Bxe7 Nxe7 13. O-O Nxe2+ 14.
Nxe2 Qxd1 15. Raxd1 Rf8 16. Rxf8+ Kxf8 17. Rf1+ Ke8 18. Nc3 Rd8 19. Rf7 Rd4 20.
Bb3 e4 21. Rxg7 e3 22. h3 e2 23. Nxe2 Bxe2 24. Rxh7 c5 25. Kf2 Bb5 26. Bf7+ Kd7
27. g4 Rd2+ 28. Kf3 Rxc2 29. g5 Bd3 30. g6 Rxb2 31. Rh6 Rb6 32. h4 Bxg6 33.
Bxg6 Rxg6 0-1

[Event "Elit(Eksjo-Farsta)"]
[Site "?"]
[Date "2010.10.08"]
[Round "1"]
[White "Livner, Anders"]
[Black "Gdanski, Jacek"]
[Result "0-1"]
[WhiteElo "2392"]
[BlackElo "2580"]
[PlyCount "106"]
[SourceDate "2010.10.16"]

1. d4 g6 2. c4 Bg7 3. Nf3 c5 4. d5 d6 5. e4 e6 6. Bd3 exd5 7. cxd5 Bg4 8. Nbd2
Ne7 9. O-O O-O 10. h3 Bxf3 11. Nxf3 Nd7 12. Rb1 h6 13. Re1 g5 14. Nh2 Ne5 15.
Nf1 f5 16. exf5 Nxf5 17. Bxf5 Rxf5 18. Ne3 Rf7 19. b3 Qd7 20. Bb2 Ng6 21. Bxg7
Kxg7 22. b4 Raf8 23. Rb2 b6 24. bxc5 bxc5 25. Qg4 Ne5 26. Qxd7 Rxd7 27. Rb3 h5
28. Reb1 Kf6 29. Rc1 Kg6 30. Rcb1 g4 31. hxg4 Nxg4 32. Nxg4 hxg4 33. Re1 Rdf7
34. Rg3 Kh5 35. Re6 Rf6 36. f3 gxf3 37. Rxf3 Rxe6 38. dxe6 Re8 39. Rf7 a5 40.
Ra7 Rxe6 41. Kf2 Kg4 42. Rxa5 Kf4 43. Ra3 Rg6 44. Rf3+ Ke4 45. a4 d5 46. a5 c4
47. Ra3 Ra6 48. Ke1 d4 49. Kd1 c3 50. Kc2 Rc6 51. a6 d3+ 52. Kc1 c2 53. Ra1 Ke3
0-1

[Event "Elit(Eksjo-Farsta)"]
[Site "?"]
[Date "2010.10.08"]
[Round "1"]
[White "Hjelm, Niclas"]
[Black "Ornstein, Axel"]
[Result "1-0"]
[WhiteElo "2371"]
[BlackElo "2424"]
[PlyCount "105"]

1. d4 Nf6 2. c4 e6 3. Nf3 c5 4. d5 d6 5. Nc3 exd5 6. cxd5 g6 7. Bf4 a6 8. a4
Bg7 9. e4 Bg4 10. Be2 Bxf3 11. Bxf3 O-O 12. O-O Qe7 13. Re1 Nbd7 14. Qc2 Rab8
15. a5 Ne8 16. Be2 Nc7 17. Bd2 b5 18. axb6 Rxb6 19. Nd1 Nb5 20. Bxb5 axb5 21.
Ra7 Rfb8 22. Bc3 R6b7 23. Ra6 Ne5 24. f4 Nc4 25. Bxg7 Kxg7 26. Nf2 Nb6 27. Raa1
Re8 28. Rad1 Kg8 29. Qc1 Rd7 30. g3 Rdd8 31. Ng4 h5 32. Nf2 Nd7 33. Qd2 Ra8 34.
Qe2 c4 35. Qd2 Qf6 36. Qb4 Reb8 37. b3 Ra2 38. bxc4 bxc4 39. Qxc4 Rbb2 40. Rf1
Kg7 41. Qc7 Ne5 42. fxe5 dxe5 43. Ng4 hxg4 44. Rxf6 Rg2+ 45. Kf1 Kxf6 46. Qd6+
Kg7 47. Qxe5+ Kg8 48. Qd4 Rxh2 49. Qg1 f5 50. d6 Rhd2 51. Rxd2 Rxd2 52. Qc5
fxe4 53. d7 1-0

[Event "Elit(Eksjo-Farsta)"]
[Site "?"]
[Date "2010.10.08"]
[Round "1"]
[White "Malesevic, Nedeljko"]
[Black "Jaderberg, Bjorn"]
[Result "1-0"]
[WhiteElo "2404"]
[BlackElo "2213"]
[PlyCount "99"]
[EventDate "2010.??.??"]

1. d4 Nf6 2. c4 e6 3. Nf3 b6 4. g3 Ba6 5. Qa4 Bb7 6. Bg2 c5 7. O-O cxd4 8. Nxd4
Bxg2 9. Kxg2 Bc5 10. Rd1 Qc8 11. f3 Bxd4 12. Rxd4 Qc5 13. Rd3 Nc6 14. Na3 Ne5
15. Be3 Qc6 16. Qxc6 dxc6 17. Rd2 Ned7 18. Rad1 h6 19. Nc2 Rc8 20. Nd4 Ke7 21.
g4 Nb8 22. Bf4 Nfd7 23. e4 g6 24. e5 a5 25. Ne2 Nc5 26. Nc3 Rc7 27. Be3 Nbd7
28. f4 Rg8 29. Kf3 a4 30. Bxc5+ Nxc5 31. Ne4 Nxe4 32. Kxe4 a3 33. bxa3 Ra8 34.
Rb1 Ra4 35. Rb4 Rxa3 36. Rxb6 Rc3 37. Kd4 Rf3 38. Kc5 Rxf4 39. a4 Re4 40. Rb8
Ra7 41. Ra2 Ra5+ 42. Kb6 Rexe5 43. Rb7+ Ke8 44. Kxc6 Ra6+ 45. Rb6 Ra8 46. Rb5
Re4 47. Kb7 Rd8 48. c5 Rd7+ 49. Kb6 Kd8 50. a5 1-0

[Event "Elit(Eksjo-Farsta)"]
[Site "?"]
[Date "2010.10.08"]
[Round "1"]
[White "Hanninger, Simon"]
[Black "Gustafsson, Olof"]
[Result "1/2-1/2"]
[WhiteElo "2265"]
[BlackElo "2134"]
[PlyCount "37"]

1. e4 c6 2. d4 d5 3. e5 Bf5 4. h4 h6 5. g4 Bg6 6. h5 Bh7 7. e6 fxe6 8. Bd3 e5
9. dxe5 e6 10. Bxh7 Rxh7 11. Qd3 Rh8 12. f4 Qc7 13. Be3 Na6 14. Nc3 O-O-O 15.
Bf2 d4 16. Ne4 Qa5+ 17. Kf1 Qd5 18. c4 dxc3 19. Qxd5 1/2-1/2